000 00679nam a2200205 i 4500
003 IT-RoINE
005 20150506070203.0
008 900725s1934 sp r 0 spa d
040 _aSpMaBN
_cIT-RoINE
_dIT-RoINE
100 1 _aFernández Almagro, Melchor,
_d1893-1966
_91867
245 1 0 _aHistoria del reinado de Don Alfonso XIII /
_cpor Don Melchor Fernández Almagro.
250 _a2ª ed. ilustrada.
260 _aBarcelona :
_bMontaner y Simon,
_c1934.
300 _a611 p. :
_bil. ;
_c23 cm.
336 _2rdacontent
_atext
337 _2rdamedia
_aunmediated
338 _2rdacarrier
_avolume
651 4 _aEspaña
_xHistoria
_y1902-1931 (Alfonso XIII)
_96312
942 _cMTS
999 _c9124
_d9124